Look back in Anger : (Record no. 8441)

MARC details
000 -LEADER
fixed length control field 00535nam a22001817a 4500
008 - FIXED-LENGTH DATA ELEMENTS--GENERAL INFORMATION
fixed length control field 200219b ||||| |||| 00| 0 eng d
020 ## - INTERNATIONAL STANDARD BOOK NUMBER
International Standard Book Number 9788131772843
082 ## - DEWEY DECIMAL CLASSIFICATION NUMBER
Classification number 822 OSB
100 ## - MAIN ENTRY--PERSONAL NAME
Personal name Osborne, John
245 ## - TITLE STATEMENT
Title Look back in Anger :
Remainder of title With an introduction , annotations and critical essays.
250 ## - EDITION STATEMENT
Edition statement Longman Study Edition.
260 ## - PUBLICATION, DISTRIBUTION, ETC.
Place of publication, distribution, etc. London :
Name of publisher, distributor, etc. Faber & Faber,
Date of publication, distribution, etc. 2016.
300 ## - PHYSICAL DESCRIPTION
Extent xxxix, 159 p.
Dimensions 20 cm.
500 ## - GENERAL NOTE
General note Includes Bibliography.
650 ## - SUBJECT ADDED ENTRY--TOPICAL TERM
Topical term or geographic name entry element Drama in English
700 ## - ADDED ENTRY--PERSONAL NAME
Personal name Prasad, G.J.V.
942 ## - Added entry Elements (Koha)
Source of classification or shelving scheme Dewey Decimal Classification
Holdings
Withdrawn status Lost status Source of classification or shelving scheme Damaged status Not for loan Collection code Home library Current library Shelving location Date acquired Serial Enumeration / chronology Total Checkouts Total Renewals Full call number Barcode Date last seen Date last checked out Price effective from Koha item type
    Dewey Decimal Classification     Main TEST RTC Library RTC Library Main opac 19/02/2020 14482 9 12 822 OSB 30013283 11/04/2024 28/02/2024 19/02/2020 Main
    Dewey Decimal Classification     Main TEST RTC Library RTC Library Main opac 19/02/2020 14483 8 12 822 OSB 30004902 02/04/2024 26/02/2024 19/02/2020 Main
    Dewey Decimal Classification     CE Textbook RTC Library RTC Library CE Textbook 17/11/2022 17314     822 OSB c.1 30016531 17/11/2022   17/11/2022 CE Textbook
  Missing Dewey Decimal Classification     CE Textbook RTC Library RTC Library CE Textbook 17/11/2022 17315     822 OSB c.2 30016370 17/11/2022   17/11/2022 CE Textbook
    Dewey Decimal Classification     CE Textbook RTC Library RTC Library CE Textbook 17/11/2022 17316     822 OSB c.3 30016360 17/11/2022   17/11/2022 CE Textbook
    Dewey Decimal Classification     CE Textbook RTC Library RTC Library CE Textbook 17/11/2022 17317     822 OSB c.4 30016446 17/11/2022   17/11/2022 CE Textbook
    Dewey Decimal Classification     CE Textbook RTC Library RTC Library CE Textbook 17/11/2022 17318     822 OSB c.5 30016251 17/11/2022   17/11/2022 CE Textbook
    Dewey Decimal Classification     CE Textbook RTC Library RTC Library CE Textbook 17/11/2022 17319     822 OSB c.6 30016254 17/11/2022   17/11/2022 CE Textbook
Royal Thimphu College || All Right Reserved